header

U.S. Congressional membership diversity (Record no. 164206)

MARC details
000 -LEADER
fixed length control field 01516nam a2200373 a 4500
082 04 - DEWEY DECIMAL CLASSIFICATION NUMBER
Classification number 328.73092/2
245 00 - TITLE STATEMENT
Title U.S. Congressional membership diversity
260 ## - PUBLICATION, DISTRIBUTION, ETC. (IMPRINT)
Place of publication New York :
Name of publisher Nova Science Publishers,
Year of publication c2010.
300 ## - PHYSICAL DESCRIPTION
Number of Pages ix, 188 p. :
Other physical details ill.
490 1# - SERIES STATEMENT
Series statement Congressional policies, practices and procedures
650 #0 - SUBJECT ADDED ENTRY--TOPICAL TERM
Topical Term Minority legislators
Topical Term Cultural diversity
700 1# - ADDED ENTRY--PERSONAL NAME
Personal name Navarro, John Paul.
856 40 - ELECTRONIC LOCATION AND ACCESS
Uniform Resource Identifier http://site.ebrary.com/lib/rucke/Doc?id=10675193

No items available.

© 2026 Rongo University
Contact us: librarian | system librarian | Rongo university